| 000 | 00525nam a22001697a 4500 | ||
|---|---|---|---|
| 005 | 20250404161837.0 | ||
| 008 | 250404b |||||||| |||| 00| 0 eng d | ||
| 020 | _a9781839829314 | ||
| 041 | _aeng | ||
| 082 | _a658.4038 FOS | ||
| 100 | _aFoster, Margie | ||
| 245 | _aKnowledge Preservation and Curation: Working Methods for Knowledge Management | ||
| 260 |
_aUK _bEmerald _c2024 |
||
| 300 | _a208;. pages: 24 cm | ||
| 650 | _aKnowledge Management; Business Strategy; Leadership; Human Resource Management | ||
| 942 | _cBK | ||
| 999 |
_c43570 _d43570 |
||